[Event "Nuremberg Zabo op 12th"]
[Site "Nuremberg"]
[Date "2010.09.19"]
[Round "5"]
[White "Berg, Winfried"]
[Black "Carrillo, Victor"]
[Result "1-0"]
[WhiteElo "1555"]
[BlackElo "1361"]
[PlyCount "107"]
[EventDate "2010.09.17"]
[EventType "swiss"]
[EventRounds "5"]
[EventCountry "GER"]
[SourceTitle "EXT 2011"]
[Source "ChessBase"]
[SourceDate "2010.11.26"]
[SourceVersion "1"]
[SourceVersionDate "2010.11.26"]
[SourceQuality "1"]

1. e4 c5 2. Nc3 Nc6 3. Bb5 a6 4. Bxc6 bxc6 5. f4 d6 6. Nge2 Nf6 7. d3 e6 8. 0-0 Be7 9. Ng3 0-0 10. f5 Bd7 11. Bg5 Rb8 12. b3 Kh8 13. Nce2 e5 14. Qd2 d5 15. Bxf6 Bxf6 16. Nh5 Bg5 17. Qc3 Qe7 18. Rf3 Rb4 19. f6 gxf6 20. Raf1 Bg4 21. Neg3 Bxf3 22. Rxf3 d4 23. Qe1 Rg8 24. Nf5 Qd7 25. Qe2 Rg6 26. Rh3 Rb8 27. Nhg3 h6 28. Kf1 Kh7 29. Nh1 Rbg8 30. Nf2 Qe8 31. Qh5 Qf8 32. Rf3 Be3 33. g3 Bxf2 34. Kxf2 Rg5 35. Qh3 R5g6 36. Nh4 Qg7 37. Qd7 Rg5 38. Qxc6 Rh5 39. Qxf6 Qxf6 40. Rxf6 Rf8 41. Rxa6 Rc8 42. Kg2 Rg5 43. Ra7 Kg8 44. Nf5 Rf8 45. Rc7 Ra8 46. a4 Ra5 47. Nxh6+ Kf8 48. Nf5 f6 49. h4 Rg8 50. Kh3 Ra8 51. Rxc5 Ra7 52. Rc6 Rg6 53. h5 Rh7 54. Rc8+ 1-0